000 00900cam a2200253 4500
008 090401t1996 xxu||||| |||| 00| 0 eng d
020 _a0752002627
035 _a(Sirsi) u70370
041 _aeng
050 _a614.7026
100 _aLevine, Marshall
245 _aConstruction and environmental law : a specially commissioned report.
260 _aLondon
_bFT Law & Tax
_c1996
300 _avii99p. ; 25cm.
350 _a75
520 _aBased on the author`s MSc dissertation on the scope of environmental legislation, especially the Environmental Protection Act 1990 and the Environment Act 1995, and its impact on the construction process.
650 _aCONSTRUCTION INDUSTRY
650 _aENVIRONMENT ACT 1995
650 _aENVIRONMENTAL LAW
650 _aENVIRONMENTAL PROTECTION ACT 1990
690 _aENVIRONMENTAL AND LAND CONSULTANCY
942 _n0
948 _c04/03/1997
999 _c95317
_d95317